000 01357nam a22002535i 4500
001 157988
003 ES-MaACL
005 20250907063118.0
008 990224s1870 sp |||| | spa d
040 _aCCPB | B
_bspa
_cCCPB | B
100 1 _aLópez Botas, Antonio,
_d1818-1888
_9129195
245 1 4 _aLos españoles cautivos en Marruecos desde 1867
_b: observaciones sobre el resultado de los expedientes /
_cpor Antonio Lopez Botas.
260 _a[S.l. :
_bs.n.],
_c1870.
300 _a57 p. ;
_c21 cm.
596 _aTexto firmado en Madrid, 1870.
597 _aSignaturizado.
650 4 _aCautivos-
_zMarruecos-
_vHistoria.
_9158840
650 4 _aEspañoles-
_zMarruecos-
_vHistoria.
_9158841
651 4 _aEspaña-
_xRelaciones-
_zMarruecos.
_98470
651 4 _aMarruecos-
_xRelaciones-
_zEspaña.
_99034
651 4 _aEspaña-
_xHistoria-
_y1843-1873.
_98258
852 _aES-MaACL
_jFol-Laf-226
_z-- Sin encuadernar
_z-- Legado M. de La Fuente
_q-- Ejemplar sin portada, datos tomados de la primera pagina
_x-- Corregir en T245: Observaciones sobre el resultado de los expedientes relativos al establecimiento de relaciones mercantiles entre España y el territorio de Uadnum en el imperio de Marruecos, y al cautiverio y rescate de los súbditos españoles D. Francisco Puyana, D. Jacobo Butler y D. José Silva
999 _c157988
_d157988